Statistics for Every Mission:Impossible main character

Click here to take the quiz!

General Stats

  • This quiz has been taken 55 times
  • The average score is 4 of 16

Answer Stats

First appearanceActor playing roleAnswer% Correct
Mission:ImpossibleTom CruiseEthan Hunt
100%
M:I 5-Rogue NationRebecca FergusonIlsa Faust
49%
M:I 3Simon PeggBenji Dunn
43%
M:I 4-Ghost ProtocolJeremy RennerWilliam Brandt
43%
M:I 5-Rogue NationSean HarrisSolomon Lane
31%
Mission:ImpossibleVing RhamesLuther Stickell
27%
M:I 6-FalloutHenry CavillAugust Walker
20%
Mission:ImpossibleJon VoightJim Phelps
18%
M:I 4-Ghost ProtocolPaula PattonJane Carter
12%
M:I 3Michelle MonaghanJulia Meade
12%
M:I 6-FalloutVanessa KirbyAlana Mitsopolis
10%
Mission:ImpossibleEmmanuelle BeartClaire Phelps
10%
M:I 3Philip Seymour HoffmanOwen Davian
10%
M:I 4-Ghost ProtocolMichael NyqvistKurt Hendricks
8%
M:I 2Dougray ScottSean Ambrose
8%
Mission:ImpossibleJean RenoFranz Krieger
4%

Score Distribution

Percentile by Number Answered

Percent of People with Each Score

Your Score History

You have not taken this quiz